000
00281 a2200133 4500
999
_c
401543
_d
401543
003
NUST
038
_a
MSOHAIL
082
_a
0
100
_a
Asher Nadeem Syed
_9
21067
245
_a
Darya
260
_a
Lahore
_b
Sang-e-Mill
_c
1991
300
_a
206,p;
_c
22cm
942
_a
0
_c
BK
_c
BK
_2
ddc